Corporate information strategy and management : The challenges of managing in a network economy
Corporate Information Strategy and Management: Text and Cases 8/e" by Applegate, Austin, and Soule is written for students and managers who desire an overview of contemporary information systems technology management. This new edition examines how information technology (IT) enables organizatio...
محفوظ في:
| المؤلف الرئيسي: | |
|---|---|
| التنسيق: | كتاب |
| اللغة: | Undetermined |
| منشور في: |
Boston, Mass.
McGraw-Hill,
2003
|
| الموضوعات: | |
| الوسوم: |
إضافة وسم
لا توجد وسوم, كن أول من يضع وسما على هذه التسجيلة!
|
| Thư viện lưu trữ: | Trung tâm Học liệu Trường Đại học Cần Thơ |
|---|
| LEADER | 01397nam a2200217Ia 4500 | ||
|---|---|---|---|
| 001 | CTU_108648 | ||
| 008 | 210402s9999 xx 000 0 und d | ||
| 020 | |c 73.08 | ||
| 082 | |a 658.4038 | ||
| 082 | |b A649 | ||
| 100 | |a Applegate, Lynda M. | ||
| 245 | 0 | |a Corporate information strategy and management : | |
| 245 | 4 | |b The challenges of managing in a network economy | |
| 245 | 0 | |c Lynda M. Applegate, Robert D. Austin, F. Warren McFarlan | |
| 260 | |a Boston, Mass. | ||
| 260 | |b McGraw-Hill, | ||
| 260 | |c 2003 | ||
| 520 | |a Corporate Information Strategy and Management: Text and Cases 8/e" by Applegate, Austin, and Soule is written for students and managers who desire an overview of contemporary information systems technology management. This new edition examines how information technology (IT) enables organizations to conduct business in radically different and more effective ways. The author's objective is to provide readers with a better understanding of the influence of twenty-first century technologies on business decisions. The 8th edition discusses today's challenges from the point of view of the executives who are grappling with them. This text is comprised of an extensive collection of Harvard Business cases devoted to Information Technology. | ||
| 650 | |a Management information systems | ||
| 904 | |i Năm | ||
| 980 | |a Trung tâm Học liệu Trường Đại học Cần Thơ | ||